000 02819cim a2200601 a 4500
999 _c529773
_d529773
001 18867443
003 NUST
005 20191003103958.0
007 sd fsngnnmmned
008 151120s2014 nyunnn| f | eng d
010 _a 2015629759
020 _a1478929634
020 _a9781478903994
020 _a1478903996
028 0 2 _a2-X8090
_bHachette Audio
035 _a(OCoLC)ocn875393707
038 _awaseem
040 _aTOH
_beng
_cTOH
_dBTCTA
_dWIM
_dTEF
_dJP3
_dGO3
_dUPZ
_dLD4
_dZGH
_dOCLCF
_dIBI
_dINR
_dOCL
_dMNM
_dTEFMT
_dOCL
_dOCLCO
_dDLC
042 _alccopycat
043 _ae-uk-en
050 0 0 _aSDC 59282
082 0 4 _a823.914
_bGAL
100 1 _aGalbraith, Robert.
_922547
245 1 4 _aThe silkworm
_h[sound recording] /
_cRobert Galbraith.
246 3 _aSilk worm
260 _aNew York :
_bHachette Audio,
_cp2014.
300 _a14 sound discs (17 hrs., 30 min.) :
_bdigital ;
_c4 3/4 in.
306 _a173000
490 1 _aCormoran Strike novel
500 _aUnabridged.
500 _aCompact disc.
511 0 _aReading by Robert Glenister of the 2014 book.
520 _aWhen novelist Owen Quine goes missing, his wife calls in private detective Cormoran Strike. Quine has just completed a manuscript featuring poisonous pen-portraits of almost everyone he knows. If the novel were to be published, it would ruin lives. That means that there are a lot of people who might want him silenced. When Quine is found brutally murdered, it becomes a race against time to understand the motivation of a ruthless killer, a killer unlike any Strike has encountered before.
650 0 _aPrivate investigators
_zEngland
_vFiction.
_911838
650 0 _aMissing persons
_vFiction.
_97574
650 0 _aMurder
_xInvestigation
_zEngland
_vFiction.
_922548
650 0 _aDetective and mystery stories.
_98228
650 7 _aDetective and mystery stories.
_2fast
_0(OCoLC)fst00891461
_98228
650 7 _aMissing persons.
_2fast
_0(OCoLC)fst01023702
_922549
650 7 _aMurder
_xInvestigation.
_2fast
_0(OCoLC)fst01029788
_922540
650 7 _aPrivate investigators.
_2fast
_0(OCoLC)fst01077503
_922550
651 7 _aEngland.
_2fast
_0(OCoLC)fst01219920
_922551
655 7 _aAudiobooks.
_2fast
_0(OCoLC)fst01726208
_922543
655 7 _aFiction.
_2fast
_0(OCoLC)fst01423787
_914229
655 7 _aMystery fiction.
_2gsafd
_95621
655 7 _aAudiobooks.
_2lcgft
_922543
800 1 _aGalbraith, Robert.
_tCormoran Strike novel.
_sSpoken word.
_922552
856 4 2 _3Contributor biographical information
_uhttp://www.loc.gov/catdir/enhancements/fy1606/2015629759-b.html
856 4 2 _3Publisher description
_uhttp://www.loc.gov/catdir/enhancements/fy1606/2015629759-d.html
906 _a7
_bcbc
_ccopycat
_d2
_encip
_f20
_gy-soundrec
942 _2ddc
_cBK